000 00715nam a2200229Ia 4500
003 GCL
008 140319s9999 xx 000 0 ara d
040 _aGCL /
_cGCL
082 0 4 _a658.3
_bح ا
100 1 _aحامد احمد رمضان بدر
245 1 0 _aادارة الموارد البشرية /
_cحامد احمد رمضان بدر
260 _a[S.N] :
_bدار النهضة العربية ،
_c1994
300 _a484 ص
490 _a
650 0 4 _aالقوى العاملة
650 0 4 _aتدريب
650 0 4 _aادارة الافراد
650 0 4 _aالاداريون
650 0 4 _aتحليل الوظائف
650 0 4 _aتأثير الاشعة على الاغذية
942 _2ddc
_cBK
999 _c36894
_d36894